LEADER 00818nam a2200217 i 4500 001 000000104745 003 CaOOAMICUS 005 20241119110347.0 008 011217s1984 gw u000 u lat u 020 $a3110099608 040 $aSeMil$bita 245 00$a3: Index topographicus. 264 1$aBerolini :$bDe Gruyter,$c1984. 300 $aVII, 320 p. ;$c31 cm 773 0 $t3: Index generalis tomorum 1.-4..$dBerolini : De Gruyter, 1974-1984.$gPars3$w()1114 850 $aSeMil 852 $aSeMil$W1$xVenegono$y1$mSL1.Y V 17$j61047$B61047$CSeMilBibl$Z2$F70393 $8I 996 $6020$a3110099608$9(OLS)http://semarc/number/84661 996 $6245$a3: Index topographicus$9(OLS)http://semarc/title/151743 996 $6264$aBerolini :$bDe Gruyter$9(OLS)http://semarc/publisher/29721 LEADER 00875nam a2200205 i 4500 001 000000167303 003 CaOOAMICUS 005 20250826164059.0 008 071129s1944 it u000 u ita u 013 $a144676 040 $aSeMil$bita 100 1 $aMoretti, Marino,$d<1885-1979>.$0(OLS)http://semarc/name/6806 245 10$aCento novelle :$bnovelle e racconti scelti (1907-1943) /$cMarino Moretti. 260 $aTorino ; Milano [etc.] :$bSocietà Editrice Internazionale,$cstampa 1944. 300 $aIV, 631 p. ;$c23 cm. 850 $aSeMil 852 $aSeMil$W1$xVenegono$y1$m1C III 224$j269526$B118455$CSeMilBibl$Z2$F129325 $81 996 $6245$aCento novelle :$bnovelle e racconti scelti (1907-1943)$9(OLS)http://semarc/title/239302 996 $6260$aTorino ; Milano [etc.] :$bSocietà Editrice Internazionale$9(OLS)http://semarc/publisher/33070